000 00368nam a2200145 i 4500
001 bg
100 1 _aKOZŁOWSKI, Maciej Maria
245 0 _aPodstawy procesu nagniatania naporowego tocznego /
_cM. Kozłowski.
260 _aBydgoszcz,
_c1982.
650 9 _aNagniatanie
040 _cBPK
041 _apol
942 _cKS
008 s pl f |000 0 pol
999 _c21210
_d21210
856 _uhttp://koha.tu.koszalin.pl/cgi-bin/koha/opac-detail.pl?biblionumber=21210
_yKatalog online BPK